000 01440nam a2200313 4500
005 20150907180053.0
008 100914s2003 cc 000 0 chi
020 _a9625132503 :
_cHK220.198.00/Php1227.20
020 _a9789625132501
041 0 _achi
_heng
090 _aBS440
_bB47
_b2003
245 0 0 _a基督教聖經與神學詞典 Jidu jiao sheng jing yu shen xue ci dian = Biblical and theological dictionary of Christianity {ch} /
_c盧龍光主編 ; 編輯委員會曹偉彤 ... [et al.] ; 執行編輯蔡錦圖.; Lu Longguang zhu bian ; bian ji wei yuan hui Cao Weitong ... [et al.] ; zhi xing bian ji Cai Jintu.
246 1 0 _aBiblical and theological dictionary of Christianity /
260 _aXianggang :
_b國際漢語聖經出版社有限公司 Han yu Sheng jing xie hui,
_cc2003.
300 _aviii, 780 p. :
_bill. ;
_c27 cm.
500 _aIncludes bibliographical references (p. vi-vii) and indexes.
630 0 4 _a聖經論叢/參考書工具書 Bible
_vDictionaries
_xChinese {ch}.
650 4 _aEnglish language
_vDictionaries
_xChinese {ch}.
650 4 _aNames in the Bible
_vDictionaries {ch}.
650 4 _aTheology
_vDictionaries
_xChinese {ch}.
951 _x00039832
700 1 _aLo, Lung-kwong.
700 1 _aCai, Jintu,
_d1964-
700 1 _aCao, Weitong.
700 1 _aLu, Longguang.
740 0 2 _aBiblical and theological dictionary of Christianity {ch}.
942 _2lcc
_cBK
999 _c34686
_d34686